Country by Its Second-Largest City - Statistics

General Stats
  • This quiz has been taken 38 times
  • The average score is 13 of 16
Answer Stats
2nd Largest City Country % Correct
Delhi India
100%
Porto Portugal
100%
Cape Town South Africa
100%
Yokohama Japan
94%
Rotterdam Netherlands
94%
Tijuana Mexico
91%
Antwerp Belgium
88%
Medellín Columbia
88%
Split Croatia
88%
Jeddah Saudi Arabia
82%
Lahore Pakistan
76%
Mashhad Iran
74%
Chittagong Bangladesh
65%
Santa Cruz Bolivia
59%
Turku Finland
56%
Kumasi Ghana
41%
No matching quizzes found
Score Distribution
Percent of People with Each Score
Percentile by Number Answered
Your Score History
You have not taken this quiz